000 00227nam a22001097a 4500
041 _aeng
080 _a80
100 _aBraune, W., Ebbinghaus, E. A.
245 _aAlthochdeutsches Lesebuch.
650 _aGerman
999 _c281022
_d281022
942 _cBK